Regionalliga West Teams 2025/26 - Statistiken

Allgemein
  • Dieses Quiz wurde 85 mal gespielt
  • Das Durchschnittsergebnis liegt bei 12 aus 18
Antwortstatistiken
Gründung Team % Korrekt
1948 SC Fortuna Köln
89%
1965 Bonner SC
88%
1909 Borussia Dortmund II
88%
1904 Rot-Weiß Oberhausen
80%
1948 1.FC Köln II
77%
1899 Sportfreunde Siegen
71%
1900 Borussia Mönchengladbach II
69%
1895 Fortuna Düsseldorf II
69%
1954 Wuppertaler SV
69%
2000 FC Gütersloh
66%
2000 SC Wiedenbrück
62%
1848 VfL Bochum II
60%
1900 1.FC Bocholt
58%
1904 FC Schalke 04 II
57%
1970 SV Rödinghausen
57%
1902 SSVg Velbert
51%
1929 Sportfreunde Lotte
49%
1907 SC Paderborn 07 II
26%
Keine übereinstimmenden Quizze gefunden
Verteilung der Resultate
Anzahl Personen mit jedem Resultat
Perzentil nach korrekt beantworteten Fragen
Ihre Resultats-Entwicklung
Sie haben dieses Quiz noch nicht gespielt